[Event "CHN-ch Rapid/Blitz 4th"]
[Site "Shaoxing"]
[Date "2025.07.15"]
[Round "4.2"]
[White "Yu, Yangyi"]
[Black "Ding, Liren"]
[Result "1/2-1/2"]
[WhiteElo "2714"]
[BlackElo "2734"]
[PlyCount "111"]
[EventDate "2025.07.13"]
[EventType "k.o. (rapid)"]
[EventRounds "5"]
[EventCountry "CHN"]
[SourceTitle "CB29_2025"]
[SourceDate "2025.07.16"]
[SourceVersion "1"]
[SourceVersionDate "2025.07.16"]
[SourceQuality "1"]

1. e4 e5 2. Nf3 Nc6 3. Nc3 Nf6 4. Bb5 Nd4 5. Nxd4 exd4 6. e5 dxc3 7. exf6 Qxf6 8. dxc3 Bc5 9. Qe2+ Qe6 10. 0-0 Qxe2 11. Bxe2 d5 12. Bf4 c6 13. a4 a5 14. Rfe1 0-0 15. Bd3 Bd7 16. c4 dxc4 17. Bxc4 Rfe8 18. Kf1 Kf8 19. Rad1 Rxe1+ 20. Rxe1 Re8 21. Rxe8+ Kxe8 22. Ke2 Bf5 23. c3 f6 24. f3 Kd7 25. Bd3 Bxd3+ 26. Kxd3 f5 27. Kc4 Bb6 28. Be5 g6 29. h3 Ke6 30. Bd4 Bc7 31. b4 axb4 32. cxb4 Bd6 33. Bc3 Kd7 34. b5 cxb5+ 35. Kxb5 Bc7 36. Kc5 Bd6+ 37. Kd5 Bc7 38. g4 fxg4 39. fxg4 Bd6 40. Bd2 Bc7 41. Bh6 Bd6 42. h4 Bg3 43. h5 gxh5 44. gxh5 Bc7 45. Bg7 Bd6 46. Be5 Ba3 47. Bd4 Bd6 48. Bc5 Bc7 49. Bb4 Bg3 50. Ba3 Bc7 51. Bb2 Bd6 52. Be5 Ba3 53. Bd4 Bd6 54. Be5 Ba3 55. Bd4 Bd6 56. Ke4 1/2-1/2

[Event "CHN-ch Rapid/Blitz 4th"]
[Site "Shaoxing"]
[Date "2025.07.14"]
[Round "2.1"]
[White "Xiao, Tong"]
[Black "Yu, Yangyi"]
[Result "0-1"]
[WhiteElo "2520"]
[BlackElo "2714"]
[PlyCount "152"]
[EventDate "2025.07.13"]
[EventType "k.o. (rapid)"]
[EventRounds "5"]
[EventCountry "CHN"]
[SourceTitle "CB29_2025"]
[SourceDate "2025.07.16"]
[SourceVersion "1"]
[SourceVersionDate "2025.07.16"]
[SourceQuality "1"]

1. e4 e5 2. Nf3 Nc6 3. Bb5 a6 4. Ba4 Nf6 5. 0-0 Bc5 6. d3 d6 7. c3 0-0 8. Bg5 Ba7 9. Nbd2 Ne7 10. Nh4 Ng6 11. Nxg6 fxg6 12. Bb3+ Kh8 13. Be3 Bxe3 14. fxe3 Qe7 15. a4 a5 16. h3 g5 17. Qe2 Bd7 18. Nf3 g4 19. hxg4 Nxg4 20. Nh2 Qg5 21. Rxf8+ Rxf8 22. Rf1 Rxf1+ 23. Nxf1 h5 24. Qf3 Nf6 25. Nh2 Qh4 26. Qe2 Kh7 27. Bc2 Kh6 28. b4 b6 29. bxa5 bxa5 30. c4 Ng4 31. Nf1 c5 32. Bd1 Qd8 33. Qb2 g6 34. Qb7 Qf8 35. Qb2 Nf6 36. Nh2 Qd8 37. Qf2 Kg7 38. Qb2 Qc7 39. Nf1 Bg4 40. Bxg4 Nxg4 41. Nh2 Nxh2 42. Kxh2 Kh6 43. Kg1 h4 44. Qf2 Qe7 45. Qf3 Kg5 46. Qf2 Qe8 47. Qc2 Qd7 48. Qb3 h3 49. gxh3 Qxh3 50. Kf2 Qh2+ 51. Kf3 Qh3+ 52. Kf2 Kg4 53. Qd1+ Kh4 54. Qb3 Qh2+ 55. Ke1 Qg1+ 56. Ke2 Qg2+ 57. Kd1 Qf1+ 58. Kd2 Qf2+ 59. Kc3 Qxe3 60. Qc2 Kg3 61. Qd1 g5 62. Qb1 g4 63. Qh1 Qd4+ 64. Kc2 Qf2+ 65. Kc3 Qe3 66. Qd1 Qd4+ 67. Kc2 Qf2+ 68. Kc3 Qf3 69. Qd2 Qf4 70. Qd1 Kg2 71. Qe2+ Kh3 72. Qe1 g3 73. Qh1+ Kg4 74. Qd1+ Qf3 75. Qd2 g2 76. Qh6 Qf4 0-1

[Event "CHN-ch Rapid/Blitz 4th"]
[Site "Shaoxing"]
[Date "2025.07.14"]
[Round "2.2"]
[White "Yu, Yangyi"]
[Black "Xiao, Tong"]
[Result "1-0"]
[WhiteElo "2714"]
[BlackElo "2520"]
[PlyCount "78"]
[EventDate "2025.07.13"]
[EventType "k.o. (rapid)"]
[EventRounds "5"]
[EventCountry "CHN"]
[SourceTitle "CB29_2025"]
[SourceDate "2025.07.16"]
[SourceVersion "1"]
[SourceVersionDate "2025.07.16"]
[SourceQuality "1"]

1. d4 Nf6 2. c4 e6 3. Nc3 Bb4 4. e3 0-0 5. Bd3 d5 6. a3 Bxc3+ 7. bxc3 dxc4 8. Bxc4 c5 9. Ne2 Qc7 10. Ba2 Nc6 11. 0-0 b6 12. Ng3 Ba6 13. Re1 Rfd8 14. Rb1 Rac8 15. Rb2 h6 16. f4 Na5 17. e4 Bc4 18. Bb1 cxd4 19. cxd4 Ba6 20. Rf2 Qd7 21. Bb2 Nc4 22. Ba1 Nxa3 23. d5 Ne8 24. Ba2 exd5 25. Bxd5 Bc4 26. Nh5 Bxd5 27. exd5 f6 28. Qd3 Nc4 29. Qg3 Kh8 30. Rfe2 Qf7 31. Qg4 Rc7 32. Rxe8+ Rxe8 33. Qxg7+ Qxg7 34. Rxe8+ Kh7 35. Nxg7 Nd6 36. Bxf6 Nxe8 37. Nxe8 Rc8 38. d6 Rc1+ 39. Kf2 Rd1 1-0

[Event "Chess.com Classic Play In"]
[Site "Chess.com INT"]
[Date "2025.05.19"]
[Round "5"]
[White "Narayanan, Sunilduth Lyna"]
[Black "Yu, Yangyi"]
[Result "1/2-1/2"]
[WhiteElo "2598"]
[BlackElo "2714"]
[PlyCount "69"]
[EventDate "2025.05.19"]
[EventType "swiss (blitz)"]
[EventRounds "9"]
[EventCountry "USA"]
[SourceTitle "CB21_2025"]
[SourceDate "2025.05.21"]
[SourceVersion "1"]
[SourceVersionDate "2025.05.21"]
[SourceQuality "1"]

1. g3 c5 2. Bg2 Nc6 3. e4 Nf6 4. Ne2 d5 5. exd5 Nxd5 6. Nbc3 Nc7 7. d3 e5 8. 0-0 Be7 9. f4 exf4 10. Nxf4 0-0 11. Kh1 Nd4 12. Ne4 Rb8 13. c3 Nde6 14. Nxe6 Bxe6 15. Bf4 Rc8 16. Qh5 f5 17. Ng5 Bxg5 18. Qxg5 Qxg5 19. Bxg5 b6 20. Rae1 Bd5 21. Bxd5+ Nxd5 22. Re5 Nc7 23. Rexf5 Rxf5 24. Rxf5 Ne6 25. Kg2 Nxg5 26. Rxg5 Rd8 27. Kf3 Rxd3+ 28. Ke2 Rd6 29. Rf5 g6 30. Rf4 Kg7 31. a4 Re6+ 32. Kd3 Rd6+ 33. Ke2 Re6+ 34. Kd3 Rd6+ 35. Ke2 1/2-1/2

[Event "Chess.com Classic Play In"]
[Site "Chess.com INT"]
[Date "2025.05.19"]
[Round "2"]
[White "Yu, Yangyi"]
[Black "Lagarde, Maxime"]
[Result "0-1"]
[WhiteElo "2714"]
[BlackElo "2622"]
[PlyCount "120"]
[EventDate "2025.05.19"]
[EventType "swiss (blitz)"]
[EventRounds "9"]
[EventCountry "USA"]
[SourceTitle "CB21_2025"]
[SourceDate "2025.05.21"]
[SourceVersion "1"]
[SourceVersionDate "2025.05.21"]
[SourceQuality "1"]

1. d4 Nf6 2. c4 e6 3. Nc3 d5 4. cxd5 exd5 5. Bg5 c6 6. e3 h6 7. Bh4 Be7 8. Bd3 0-0 9. Nge2 Ne8 10. Bg3 Nd6 11. 0-0 Re8 12. Qc2 a5 13. a3 Na6 14. Kh1 Bf8 15. Rae1 b5 16. Bf4 Nc4 17. Rd1 Be6 18. Bg3 b4 19. Nb1 Qb6 20. Nf4 bxa3 21. bxa3 Nxa3 22. Nxa3 Bxa3 23. Nxe6 Rxe6 24. Bh7+ Kh8 25. Bf5 Re7 26. Rb1 Bb4 27. Rfc1 c5 28. dxc5 Nxc5 29. Qd1 Ne4 30. Qxd5 Rd8 31. Bxe4 Rxd5 32. Bxd5 g6 33. h3 Kg7 34. Bb3 Qf6 35. Bd5 h5 36. Rc4 g5 37. h4 g4 38. Kg1 Rd7 39. e4 Bd6 40. Rc6 Qe7 41. Bxd6 Rxd6 42. Rxd6 Qxd6 43. Rb7 g3 44. Rxf7+ Kh6 45. Rf3 gxf2+ 46. Rxf2 Qg3 47. Rf6+ Kg7 48. Rf7+ Kg6 49. Rb7 Qe1+ 50. Kh2 Qxh4+ 51. Kg1 Qf4 52. Rb6+ Kg5 53. Rb5 Kh4 54. Rb3 Qc1+ 55. Kh2 a4 56. Rf3 Qc7+ 57. g3+ Kg5 58. Rf5+ Kg6 59. Bf7+ Qxf7 60. Rxf7 Kxf7 0-1

[Event "Chessable Masters Losers"]
[Site "Chess.com INT"]
[Date "2025.02.19"]
[Round "3.3"]
[White "Duda, Jan Krzysztof"]
[Black "Yu, Yangyi"]
[Result "1-0"]
[WhiteElo "2739"]
[BlackElo "2715"]
[PlyCount "183"]
[EventDate "2025.02.18"]
[EventType "k.o. (rapid)"]
[EventRounds "6"]
[EventCountry "USA"]
[SourceTitle "CB09_2025"]
[SourceDate "2025.02.27"]
[SourceVersion "1"]
[SourceVersionDate "2025.02.27"]
[SourceQuality "1"]

1. e4 e5 2. Nf3 Nf6 3. d3 Nc6 4. g3 g6 5. Bg2 Bg7 6. c4 0-0 7. Nc3 d6 8. h3 a6 9. Be3 Rb8 10. Qd2 b5 11. b3 Ne7 12. 0-0 c6 13. c5 d5 14. Bh6 dxe4 15. Nxe4 Nxe4 16. dxe4 Qxd2 17. Bxd2 f6 18. Ba5 Be6 19. Rfd1 Kf7 20. Rd6 Rfc8 21. Rc1 Bf8 22. Ne1 Ng8 23. Rdd1 Rb7 24. Kh2 h5 25. Bf3 Nh6 26. Nd3 Rd7 27. Nb4 Rxd1 28. Bxd1 h4 29. gxh4 Ng8 30. Bb6 Bh6 31. Rc2 Bf4+ 32. Kg2 f5 33. exf5 Bxf5 34. Re2 Nf6 35. Bc2 e4 36. a4 Nd5 37. Nxd5 cxd5 38. f3 e3 39. Bxf5 gxf5 40. c6 Rxc6 41. Bxe3 Bxe3 42. Rxe3 bxa4 43. bxa4 Kf6 44. Kg3 Rc4 45. Rb3 Rxa4 46. Rb6+ Kg7 47. Rd6 d4 48. Kf4 a5 49. h5 Rb4 50. h6+ Kh7 51. Kg5 a4 52. Rd7+ Kh8 53. Rd8+ Kh7 54. Rd7+ Kh8 55. f4 a3 56. Ra7 Rb3 57. Ra8+ Kh7 58. Ra7+ Kh8 59. Kg6 Rg3+ 60. Kxf5 Rxh3 61. Ke4 d3 62. Rxa3 d2 63. Ra8+ Kh7 64. Rd8 Rh2 65. Rd6 Re2+ 66. Kf5 Rg2 67. Ke4 Re2+ 68. Kf3 Rh2 69. Kg4 Rg2+ 70. Kh3 Re2 71. Kg3 Re3+ 72. Kf2 Rh3 73. Ke2 Rxh6 74. Rd7+ Kg6 75. Kxd2 Kf5 76. Rd4 Rh3 77. Ke2 Rg3 78. Kf2 Rh3 79. Ra4 Rb3 80. Kg2 Rc3 81. Kf2 Rd3 82. Rb4 Rc3 83. Ke2 Rc2+ 84. Kd3 Rc5 85. Ke3 Ra5 86. Rb3 Rd5 87. Kf3 Rb5 88. Re3 Rd5 89. Kg3 Rd4 90. Re5+ Kf6 91. Kg4 Rd6 92. Rf5+ 1-0

[Event "Chessable Masters Play In"]
[Site "Chess.com INT"]
[Date "2025.02.17"]
[Round "2"]
[White "Yu, Yangyi"]
[Black "Donchenko, Alexander"]
[Result "1-0"]
[WhiteElo "2715"]
[BlackElo "2632"]
[PlyCount "101"]
[EventDate "2025.02.17"]
[EventType "swiss (blitz)"]
[EventRounds "9"]
[EventCountry "USA"]
[SourceTitle "CB08_2025"]
[SourceDate "2025.02.19"]
[SourceVersion "1"]
[SourceVersionDate "2025.02.19"]
[SourceQuality "1"]

1. e4 c6 2. d4 d5 3. e5 c5 4. Nf3 cxd4 5. Nxd4 Nc6 6. Nxc6 bxc6 7. Bd3 e6 8. Nd2 a5 9. Qe2 Ne7 10. Nf3 Qb6 11. Be3 Qc7 12. 0-0 Nf5 13. Bf4 Be7 14. Rfe1 0-0 15. g4 Nh6 16. h3 Qb6 17. Qd2 Ba6 18. Bxh6 gxh6 19. Qxh6 Bxd3 20. cxd3 Rfb8 21. Re2 Qd8 22. Rc1 Ra6 23. d4 a4 24. Kg2 Rab6 25. Rcc2 Qf8 26. Qc1 Rc8 27. Re3 Kh8 28. Rec3 Qe8 29. Qh6 Qf8 30. Qc1 Qe8 31. Qf4 Qf8 32. Ng5 Kg8 33. Rf3 Bxg5 34. Qxg5+ Kh8 35. b3 axb3 36. axb3 Rcb8 37. Rcc3 R8b7 38. Rf4 Qg7 39. Qd8+ Qg8 40. Qd6 Qe8 41. Rff3 Kg7 42. Qa3 Qf8 43. Qc1 Qd8 44. Rxc6 Rxb3 45. Rf6 Rb1 46. Qh6+ Kh8 47. Rcxe6 Rd1 48. Rd6 Qg8 49. Rf4 Rb8 50. e6 fxe6 51. Qf6+ 1-0

[Event "Wch Blitz"]
[Site "New York"]
[Date "2024.12.30"]
[Round "10"]
[White "Le, Tuan Minh"]
[Black "Yu, Yangyi"]
[Result "1-0"]
[WhiteElo "2598"]
[BlackElo "2724"]
[PlyCount "169"]
[EventDate "2024.12.30"]
[EventType "swiss (blitz)"]
[EventRounds "13"]
[EventCountry "USA"]
[SourceTitle "CB01_2025"]
[SourceDate "2025.01.01"]
[SourceVersion "1"]
[SourceVersionDate "2025.01.01"]
[SourceQuality "1"]

1. d4 Nf6 2. Nf3 e6 3. Bf4 Be7 4. h3 c5 5. c3 Qb6 6. Qb3 cxd4 7. cxd4 Nc6 8. e3 Qxb3 9. axb3 Bb4+ 10. Nfd2 Nd5 11. Bh2 d6 12. Bc4 Nb6 13. Nc3 Ke7 14. Na2 Bxd2+ 15. Kxd2 e5 16. dxe5 dxe5 17. Nc3 Rd8+ 18. Ke2 Be6 19. Bxe6 Kxe6 20. Ne4 Nd7 21. Rhd1 h6 22. g4 a5 23. f4 f6 24. f5+ Ke7 25. Bg1 b6 26. Rac1 Rac8 27. Nd6 Rc7 28. Nb5 Rcc8 29. e4 Nc5 30. Bxc5+ bxc5 31. Rxd8 Kxd8 32. Rxc5 Kd7 33. Rd5+ Ke7 34. Ke3 Nb4 35. Rd2 Nc2+ 36. Kf2 Rc5 37. Nc3 Nd4 38. b4 axb4 39. Nd5+ Kd6 40. Nxb4 Rb5 41. Nd3 Rb3 42. h4 Ke7 43. g5 hxg5 44. hxg5 Kf7 45. g6+ Ke7 46. Ke3 Nc6 47. Kf2 Nd4 48. Rd1 Nb5 49. Ke3 Nd4 50. Rc1 Kd7 51. Rc3 Rb8 52. b4 Rh8 53. Nc5+ Kd6 54. Kd3 Nb5 55. Nb7+ Kd7 56. Nc5+ Kd6 57. Nb7+ Kd7 58. Rc5 Rh3+ 59. Kd2 Nd4 60. Rd5+ Ke8 61. Nc5 Ra3 62. b5 Ra2+ 63. Kd3 Rb2 64. Ne6 Nxe6 65. fxe6 Ke7 66. Rd7+ Kxe6 67. Rb7 f5 68. Rb6+ Ke7 69. exf5 Rb4 70. Re6+ Kd7 71. Rxe5 Kd6 72. Re6+ Kd7 73. Rb6 Ke7 74. Rb7+ Kf6 75. Rf7+ Kg5 76. Rxg7 Kxf5 77. Rb7 Kxg6 78. Kc3 Rb1 79. Kc4 Kf6 80. Rd7 Ke6 81. Rd2 Rc1+ 82. Kb4 Rb1+ 83. Kc5 Rc1+ 84. Kb6 Rb1 85. Kc6 1-0

[Event "Wch Blitz"]
[Site "New York"]
[Date "2024.12.30"]
[Round "4"]
[White "Muradli, Mahammad"]
[Black "Yu, Yangyi"]
[Result "1/2-1/2"]
[WhiteElo "2588"]
[BlackElo "2724"]
[PlyCount "121"]
[EventDate "2024.12.30"]
[EventType "swiss (blitz)"]
[EventRounds "13"]
[EventCountry "USA"]
[SourceTitle "CB01_2025"]
[SourceDate "2025.01.01"]
[SourceVersion "1"]
[SourceVersionDate "2025.01.01"]
[SourceQuality "1"]

1. Nf3 d5 2. c4 e6 3. g3 Nf6 4. Bg2 Be7 5. 0-0 0-0 6. b3 d4 7. e3 c5 8. Ne5 Nfd7 9. exd4 cxd4 10. Nxd7 Nxd7 11. d3 a5 12. Ba3 Nc5 13. Re1 Rb8 14. Qc2 b6 15. Bxc5 bxc5 16. a4 Qb6 17. Na3 Qxb3 18. Qe2 Qb6 19. Rab1 Qc7 20. Nb5 Qd8 21. Qd2 Bd7 22. Re2 g6 23. f4 Bf6 24. Rbe1 Qb6 25. Bf3 Rfe8 26. Kg2 Re7 27. Rb1 Qd8 28. Rbe1 Bg7 29. Re4 Bc6 30. R4e2 Bxf3+ 31. Kxf3 Qb6 32. Kg2 Rbe8 33. Kg1 h5 34. Re4 e5 35. fxe5 Bxe5 36. Qf2 Kg7 37. Qf3 Qc6 38. Kg2 Qd7 39. R4e2 f6 40. Re4 Rh8 41. h3 Rhe8 42. R4e2 Re6 43. Re4 R6e7 44. R4e2 Bb8 45. Rxe7+ Rxe7 46. Re4 f5 47. Rxe7+ Qxe7 48. Kf2 h4 49. gxh4 Qxh4+ 50. Kf1 Kh6 51. Kg2 Qg5+ 52. Kf1 Bf4 53. Na7 Be3 54. Nc6 Qg1+ 55. Ke2 Qh2+ 56. Kf1 Qg1+ 57. Ke2 Qc1 58. Ne5 Qd2+ 59. Kf1 Qh2 60. Nc6 Qg1+ 61. Ke2 1/2-1/2

[Event "Wch Blitz"]
[Site "New York"]
[Date "2024.12.30"]
[Round "11"]
[White "Yu, Yangyi"]
[Black "Corrales Jimenez, Fidel"]
[Result "0-1"]
[WhiteElo "2724"]
[BlackElo "2555"]
[PlyCount "142"]
[EventDate "2024.12.30"]
[EventType "swiss (blitz)"]
[EventRounds "13"]
[EventCountry "USA"]
[SourceTitle "CB01_2025"]
[SourceDate "2025.01.01"]
[SourceVersion "1"]
[SourceVersionDate "2025.01.01"]
[SourceQuality "1"]

1. e4 c5 2. Nf3 d6 3. Bc4 Nf6 4. d3 e6 5. 0-0 Be7 6. c3 0-0 7. Re1 b6 8. Nbd2 Bb7 9. Bb3 Nc6 10. Nf1 Rc8 11. Ng3 Re8 12. h3 Bf8 13. a3 g6 14. Bg5 Bg7 15. Qd2 Qc7 16. Ba2 Ne5 17. Nh2 c4 18. d4 Nd3 19. Re2 b5 20. Bb1 e5 21. d5 Nf4 22. Bxf4 exf4 23. Qxf4 Re7 24. Bc2 Rce8 25. Rae1 h5 26. Nf3 Nd7 27. Qd2 a5 28. Nd4 Qb6 29. Ndf5 gxf5 30. Nxf5 Ne5 31. Qg5 Ng6 32. Nxe7+ Rxe7 33. e5 Rxe5 34. Rxe5 Nxe5 35. Re3 h4 36. Qxh4 Kf8 37. Rg3 Nd3 38. Bxd3 cxd3 39. Rxd3 Be5 40. Qh6+ Ke8 41. Re3 Qc5 42. Qh8+ Kd7 43. Rxe5 dxe5 44. Qxe5 Qxd5 45. Qxd5+ Bxd5 46. f4 f5 47. Kf2 Kd6 48. g4 Be6 49. g5 Bf7 50. b4 a4 51. Ke3 Kd5 52. Kd3 Bh5 53. h4 Bg6 54. c4+ bxc4+ 55. Kc3 Bf7 56. Kc2 Kd4 57. Kb2 Be8 58. Kc2 Bh5 59. Kb2 c3+ 60. Kc2 Be8 61. Kc1 Kc4 62. Kc2 Bh5 63. b5 Kxb5 64. Kxc3 Kc5 65. Kd3 Bg6 66. Kc3 Be8 67. Kd3 Kd5 68. Kc3 Ke4 69. Kb4 Kxf4 70. g6 Bxg6 71. Kxa4 Kg4 0-1

[Event "Wch Blitz"]
[Site "New York"]
[Date "2024.12.30"]
[Round "5"]
[White "Yu, Yangyi"]
[Black "Dudin, Gleb"]
[Result "1/2-1/2"]
[WhiteElo "2724"]
[BlackElo "2506"]
[PlyCount "96"]
[EventDate "2024.12.30"]
[EventType "swiss (blitz)"]
[EventRounds "13"]
[EventCountry "USA"]
[SourceTitle "CB01_2025"]
[SourceDate "2025.01.01"]
[SourceVersion "1"]
[SourceVersionDate "2025.01.01"]
[SourceQuality "1"]

1. e4 c5 2. Nf3 d6 3. Bc4 a6 4. c3 Nf6 5. e5 dxe5 6. Nxe5 e6 7. 0-0 Nbd7 8. d4 cxd4 9. cxd4 Nxe5 10. dxe5 Qxd1 11. Rxd1 Nd7 12. Bf4 Nb6 13. Nd2 Bd7 14. Be3 Nxc4 15. Nxc4 Bc6 16. Rac1 Be7 17. Nd6+ Bxd6 18. Rxd6 0-0 19. f3 h6 20. b3 Rfc8 21. Rc4 a5 22. Rg4 Kh7 23. h4 a4 24. bxa4 Bxa4 25. Rf4 Be8 26. Rd2 Ra4 27. Rxa4 Bxa4 28. Rb2 Bc6 29. Rc2 Ra8 30. Bc5 Ra4 31. Be7 h5 32. Kf2 Bd5 33. a3 Rc4 34. Rb2 Kg6 35. Kg3 Rc3 36. Bb4 Re3 37. Kf4 Rd3 38. Rc2 Bc6 39. Rc5 Rd4+ 40. Ke3 Rxh4 41. Ra5 Rc4 42. Rc5 Rh4 43. Ra5 Rh1 44. Ra8 h4 45. Rg8 Kh7 46. Rf8 Kg6 47. Rg8 Kh7 48. Rf8 Kg6 1/2-1/2

[Event "Wch Blitz"]
[Site "New York"]
[Date "2024.12.30"]
[Round "1"]
[White "Yu, Yangyi"]
[Black "Jumabayev, Rinat"]
[Result "1-0"]
[WhiteElo "2724"]
[BlackElo "2573"]
[PlyCount "81"]
[EventDate "2024.12.30"]
[EventType "swiss (blitz)"]
[EventRounds "13"]
[EventCountry "USA"]
[SourceTitle "CB01_2025"]
[SourceDate "2025.01.01"]
[SourceVersion "1"]
[SourceVersionDate "2025.01.01"]
[SourceQuality "1"]

1. e4 e5 2. Nf3 Nc6 3. Bb5 Nf6 4. d3 Bc5 5. Ba4 a6 6. c3 b5 7. Bb3 0-0 8. Bg5 h6 9. Bh4 Be7 10. Nbd2 d6 11. 0-0 Rb8 12. Re1 Nh5 13. Bg3 Nxg3 14. hxg3 Na5 15. Bc2 c5 16. Nf1 g6 17. Ne3 Be6 18. d4 cxd4 19. cxd4 Rc8 20. Bb3 Nxb3 21. axb3 a5 22. dxe5 dxe5 23. Nd5 Bb4 24. Re3 Bxd5 25. exd5 Qf6 26. Nxe5 Bc5 27. Nd7 Qxb2 28. Re2 Qd4 29. Nxf8 Kxf8 30. Qxd4 Bxd4 31. Rxa5 Rc5 32. d6 Rd5 33. Rd2 Kg7 34. Kf1 Kf6 35. d7 Rxd7 36. Rxb5 Rd6 37. Rb4 Ke5 38. Rc4 g5 39. b4 Rd5 40. f4+ gxf4 41. gxf4+ 1-0

[Event "Wch Rapid"]
[Site "New York"]
[Date "2024.12.28"]
[Round "10"]
[White "Yu, Yangyi"]
[Black "Bu, Xiangzhi"]
[Result "1-0"]
[WhiteElo "2698"]
[BlackElo "2569"]
[PlyCount "113"]
[EventDate "2024.12.26"]
[EventType "swiss (rapid)"]
[EventRounds "13"]
[EventCountry "USA"]
[SourceTitle "CB01_2025"]
[SourceDate "2025.01.01"]
[SourceVersion "1"]
[SourceVersionDate "2025.01.01"]
[SourceQuality "1"]

1. e4 e5 2. Nf3 Nf6 3. d4 Nxe4 4. dxe5 d5 5. Nbd2 Qd7 6. Bd3 Nc5 7. Be2 Ne6 8. 0-0 Be7 9. Re1 0-0 10. Nf1 c5 11. Bd3 g6 12. c3 Nc6 13. Bh6 Rd8 14. Qe2 c4 15. Bc2 b5 16. Rad1 Bb7 17. Be4 Ncd4 18. Nxd4 dxe4 19. Ng3 Nc5 20. e6 fxe6 21. Qg4 e5 22. Ndf5 Nd3 23. Nxe7+ Qxe7 24. Re2 Qd7 25. Qh4 Qc7 26. Nxe4 Bxe4 27. Qxe4 Nxb2 28. Rd5 Qf7 29. Rxb5 Rd1+ 30. Re1 Rxe1+ 31. Qxe1 Nd3 32. Qe3 Rd8 33. Bg5 Rf8 34. Bh6 Rd8 35. h3 a6 36. Rb6 Nxf2 37. Qxf2 Rd1+ 38. Kh2 Qxf2 39. Rb8+ Kf7 40. Rf8+ Ke6 41. Rxf2 Rd3 42. Rf3 Rd1 43. Bg7 e4 44. Rf8 Rd2 45. a4 Ra2 46. Bd4 Rxa4 47. Kg3 Ra1 48. Rc8 a5 49. Rxc4 a4 50. Rc6+ Kd5 51. Rc5+ Kd6 52. Ra5 Kc6 53. c4 Rd1 54. Be3 Rd3 55. Kf4 a3 56. Kxe4 Rc3 57. c5 1-0

[Event "Wch Rapid"]
[Site "New York"]
[Date "2024.12.27"]
[Round "6"]
[White "Yu, Yangyi"]
[Black "Lomasov, Semen"]
[Result "1/2-1/2"]
[WhiteElo "2698"]
[BlackElo "2560"]
[PlyCount "63"]
[EventDate "2024.12.26"]
[EventType "swiss (rapid)"]
[EventRounds "13"]
[EventCountry "USA"]
[SourceTitle "CB01_2025"]
[SourceDate "2025.01.01"]
[SourceVersion "1"]
[SourceVersionDate "2025.01.01"]
[SourceQuality "1"]

1. d4 e6 2. c4 Nf6 3. Nc3 Bb4 4. e3 b6 5. Nge2 Ne4 6. Qc2 Bb7 7. a3 Bxc3+ 8. Nxc3 Nxc3 9. Qxc3 d6 10. h4 Nd7 11. b4 a5 12. b5 f5 13. Bb2 Qe7 14. 0-0-0 0-0-0 15. Qc2 Rhg8 16. f3 h6 17. Bd3 g5 18. hxg5 Qxg5 19. Rde1 Qxg2 20. Qxg2 Rxg2 21. Rxh6 Bxf3 22. Rxe6 Be4 23. Bxe4 fxe4 24. Rxe4 Rh8 25. Kb1 Rhh2 26. Bc1 Rc2 27. Re8+ Kb7 28. Re7 Nf6 29. Re6 Nd7 30. Re7 Nf6 31. Re6 Nd7 32. Re7 1/2-1/2

[Event "Wch Rapid"]
[Site "New York"]
[Date "2024.12.26"]
[Round "5"]
[White "Durarbayli, Vasif"]
[Black "Yu, Yangyi"]
[Result "1/2-1/2"]
[WhiteElo "2531"]
[BlackElo "2698"]
[PlyCount "62"]
[EventDate "2024.12.26"]
[EventType "swiss (rapid)"]
[EventRounds "13"]
[EventCountry "USA"]
[SourceTitle "CB01_2025"]
[SourceDate "2025.01.01"]
[SourceVersion "1"]
[SourceVersionDate "2025.01.01"]
[SourceQuality "1"]

1. e4 e5 2. Nf3 Nc6 3. d4 exd4 4. Nxd4 Bc5 5. Nb3 Bb6 6. Qe2 d6 7. Nc3 Nf6 8. Be3 Qe7 9. 0-0-0 Be6 10. g3 0-0-0 11. Bg2 Rhe8 12. h3 Kb8 13. Rhe1 Nd7 14. f4 Bxe3+ 15. Qxe3 Nb6 16. Qf2 f6 17. Nd4 Nxd4 18. Rxd4 Bd7 19. Red1 Bc6 20. a4 a6 21. b3 g5 22. Kb2 gxf4 23. gxf4 Rg8 24. Bf1 Qg7 25. a5 Nd7 26. Bc4 Qg2 27. Qh4 Qg3 28. Qh6 Qg6 29. Qh4 Qg3 30. Qh6 Qg6 31. Qh4 Qg3 1/2-1/2

[Event "Wch Rapid"]
[Site "New York"]
[Date "2024.12.26"]
[Round "1"]
[White "Le Tuan, Minh"]
[Black "Yu, Yangyi"]
[Result "0-1"]
[WhiteElo "2492"]
[BlackElo "2698"]
[PlyCount "36"]
[EventDate "2024.12.26"]
[EventType "swiss (rapid)"]
[EventRounds "13"]
[EventCountry "USA"]
[SourceTitle "CB01_2025"]
[SourceDate "2025.01.01"]
[SourceVersion "1"]
[SourceVersionDate "2025.01.01"]
[SourceQuality "1"]

1. d4 Nf6 2. c4 e6 3. Nf3 d5 4. Nc3 Bb4 5. Qa4+ Nc6 6. e3 0-0 7. Qc2 dxc4 8. Bxc4 Bd6 9. 0-0 e5 10. h3 Bd7 11. a3 exd4 12. exd4 Qc8 13. Re1 Bxh3 14. gxh3 Qxh3 15. Qd1 Ng4 16. Ne4 Bh2+ 17. Kh1 Bg3+ 18. Kg1 Bxf2+ 0-1

[Event "Wch Rapid"]
[Site "New York"]
[Date "2024.12.26"]
[Round "3"]
[White "Shankland, Samuel L"]
[Black "Yu, Yangyi"]
[Result "1/2-1/2"]
[WhiteElo "2618"]
[BlackElo "2698"]
[PlyCount "147"]
[EventDate "2024.12.26"]
[EventType "swiss (rapid)"]
[EventRounds "13"]
[EventCountry "USA"]
[SourceTitle "CB01_2025"]
[SourceDate "2025.01.01"]
[SourceVersion "1"]
[SourceVersionDate "2025.01.01"]
[SourceQuality "1"]

1. Nf3 d5 2. g3 Nf6 3. Bg2 e6 4. 0-0 Be7 5. c4 0-0 6. d4 dxc4 7. Qa4 a6 8. Qxc4 b5 9. Qc2 Bb7 10. Bd2 Be4 11. Qc1 Nc6 12. Be3 Rc8 13. Rd1 Nd5 14. Nbd2 Nxe3 15. fxe3 Bxf3 16. exf3 Nb4 17. a3 Nd5 18. Nb3 c6 19. f4 Qc7 20. Qd2 Rfd8 21. Rac1 Qa7 22. Qf2 g6 23. Rd2 a5 24. Rdc2 a4 25. Nc5 Rc7 26. h4 h5 27. Bf3 Kg7 28. Qe2 Rdc8 29. Kg2 Nb6 30. Qd3 Nc4 31. Qc3 Kg8 32. Be2 Bxc5 33. dxc5 Qxc5 34. Bxc4 bxc4 35. Rd1 Rb7 36. Rd4 Rb3 37. Qxc4 Qb6 38. Qe2 c5 39. Rdc4 Qb7+ 40. Qf3 Qb5 41. Qe2 Rb8 42. Rxc5 Qxe2+ 43. Rxe2 Rxb2 44. Rxb2 Rxb2+ 45. Kf3 Rb3 46. Ra5 Rxa3 47. Ra7 Kg7 48. Ra6 Ra1 49. e4 a3 50. e5 a2 51. Kg2 f5 52. Ra7+ Kf8 53. Ra6 Ke7 54. Ra7+ Kd8 55. Ra6 Kc7 56. Ra7+ Kb6 57. Ra8 Kb5 58. Ra7 Kc4 59. Ra8 Kc3 60. Rc8+ Kd3 61. Rd8+ Ke3 62. Ra8 Ke4 63. Ra7 Kd3 64. Rd7+ Ke2 65. Ra7 Ke1 66. Ra8 Kd1 67. Rd8+ Kc2 68. Rc8+ Kb3 69. Rb8+ Kc4 70. Ra8 Kd4 71. Rd8+ Ke3 72. Ra8 Ke2 73. Ra7 Ke3 74. Ra8 1/2-1/2

[Event "TCh-CHN Div A Finals"]
[Site "Shaoxing"]
[Date "2024.12.06"]
[Round "3.1"]
[White "Yu, Yangyi"]
[Black "Bai, Jinshi"]
[Result "1/2-1/2"]
[WhiteElo "2724"]
[BlackElo "2551"]
[PlyCount "60"]
[EventDate "2024.12.02"]
[EventType "team-k.o."]
[EventRounds "4"]
[EventCountry "CHN"]
[SourceTitle "CB50_2024"]
[SourceDate "2024.11.01"]
[SourceVersion "1"]
[SourceVersionDate "2024.11.01"]
[SourceQuality "2"]
[WhiteTeam "Beijing"]
[BlackTeam "Hangzhou"]
[WhiteTeamCountry "CHN"]
[BlackTeamCountry "CHN"]

1. e4 e5 2. Nf3 Nf6 3. Nxe5 d6 4. Nf3 Nxe4 5. d4 d5 6. Bd3 Bd6 7. 0-0 0-0 8. c4 c6 9. cxd5 cxd5 10. Nc3 Re8 11. h3 Nxc3 12. bxc3 Nd7 13. Qb3 Nb6 14. Ba3 Bxa3 15. Qxa3 Be6 16. Rae1 Nc4 17. Qc1 Nd6 18. Qb1 g6 19. Re3 Rc8 20. Rfe1 Kg7 21. Qb4 Qd7 22. a4 Nc4 23. R3e2 a5 24. Qb3 f6 25. Bxc4 Rxc4 26. Nd2 Rxa4 27. Qb6 Ra2 28. Qb3 Ra4 29. Qb6 Ra2 30. Qb3 Ra4 1/2-1/2